000
00267 a2200109 4500
001
58237
082
_a
(358.1883094122 STO
090
_c
35734
_d
35734
100
_a
Stone, J.
245
_a
tank debate
260
_a
Australia
_b
Harward university press
_c
2000
942
_a
NUST-CAE
_k
(358.1883094122 STO
999
_c
293310
_d
293310